Potęgi do kwadratu (do 20) - Statystyki

Ogólne statystyki
  • Ten quiz został rozwiązany 2 135 razy
  • Średni wynik to 18 z 20
Statystyki odpowiedzi
Hint Odpowiedź % Poprawnych
1
100%
16
99%
4
99%
25
98%
36
98%
9
98%
10² 100
97%
49
97%
64
97%
81
97%
11² 121
95%
12² 144
94%
13² 169
91%
15² 225
87%
20² 400
87%
14² 196
84%
16² 256
78%
17² 289
71%
18² 324
68%
19² 361
68%
Nie znaleziono quizów pasujących do podanych kryteriów
Rozkład punktacji
Procent ludzi z każdym wynikiem
Percentyl według liczby udzielonych odpowiedzi
Twoja historia wyników
Nie rozwiązałeś tego quizu